Neurocriminology: forensic and legal applications, public policy implications
| Main Author: | |
|---|---|
| Format: | Print Book |
| Language: | English |
| Published: |
Boca Raton London New York
CRC Press
[2019]
|
| In: | Year: 2019 |
| Online Access: |
Table of Contents Blurb |
| Availability in Tübingen: | Present in Tübingen. UB: KB 20 A 9733 |
| Check availability: | HBZ Gateway |
| Subito Delivery Service: | Order now. |
| Keywords: | |
| Parallel Edition: | Electronic
|
MARC
| LEADER | 00000cam a2200000 c 4500 | ||
|---|---|---|---|
| 001 | 1642023205 | ||
| 003 | DE-627 | ||
| 005 | 20240510192506.0 | ||
| 007 | tu | ||
| 008 | 180912s2019 xxu||||| 00| ||eng c | ||
| 020 | |a 9781138632806 |9 978-1-138-63280-6 | ||
| 035 | |a (DE-627)1642023205 | ||
| 035 | |a (DE-576)510898831 | ||
| 035 | |a (DE-599)BSZ510898831 | ||
| 035 | |a (OCoLC)1056150303 | ||
| 035 | |a (OCoLC)1056150303 | ||
| 040 | |a DE-627 |b ger |c DE-627 |e rda | ||
| 041 | |a eng | ||
| 044 | |c XD-US |c XA-GB | ||
| 084 | |a 2,1 |2 ssgn | ||
| 084 | |a 86.41 |2 bkl | ||
| 100 | 1 | |a Concannon, Diana M. |e VerfasserIn |0 (DE-588)1171236972 |0 (DE-627)104043522X |0 (DE-576)258434902 |4 aut | |
| 109 | |a Concannon, Diana M. |a Concannon, Diana | ||
| 245 | 1 | 0 | |a Neurocriminology |b forensic and legal applications, public policy implications |c Diana M. Concannon |
| 264 | 1 | |a Boca Raton |a London |a New York |b CRC Press |c [2019] | |
| 264 | 4 | |c © 2019 | |
| 300 | |a 203 Seiten | ||
| 336 | |a Text |b txt |2 rdacontent | ||
| 337 | |a ohne Hilfsmittel zu benutzen |b n |2 rdamedia | ||
| 338 | |a Band |b nc |2 rdacarrier | ||
| 500 | |a Enthält bibliographische Angaben und einen Index | ||
| 583 | 1 | |a Archivierung/Langzeitarchivierung gewährleistet |f SSG |x XA-DE-BW |2 pdager |5 DE-21 | |
| 650 | 0 | |a Criminology |x Government policy | |
| 650 | 0 | |a Criminology | |
| 650 | 0 | |a Forensic sciences | |
| 689 | 0 | 0 | |d s |0 (DE-588)4033197-0 |0 (DE-627)106258532 |0 (DE-576)209000562 |a Kriminologie |2 gnd |
| 689 | 0 | 1 | |d s |0 (DE-588)7555119-6 |0 (DE-627)52417900X |0 (DE-576)260535028 |a Neurowissenschaften |2 gnd |
| 689 | 0 | |5 (DE-627) | |
| 776 | 0 | 8 | |i Erscheint auch als |n Online-Ausgabe |a Concannon, Diana M. |t Neurocriminology |d Boca Raton : CRC Press, 2019 |h 1 Online-Ressource (203 Seiten) |w (DE-627)1681760606 |z 9781351802437 |k Electronic |
| 856 | 4 | 2 | |u https://swbplus.bsz-bw.de/bsz510898831kla.htm |m V:DE-576;B:DE-21 |q application/pdf |v 20181126153806 |3 Klappentext |7 1 |
| 856 | 4 | 2 | |u http://bvbr.bib-bvb.de:8991/F?func=service&doc_library=BVB01&local_base=BVB01&doc_number=030555763&sequence=000001&line_number=0001&func_code=DB_RECORDS&service_type=MEDIA |x Verlag |z Inhaltsverzeichnis |7 1 |
| 935 | |a mkri | ||
| 936 | b | k | |a 86.41 |j Kriminologie |0 (DE-627)181572001 |
| 951 | |a BO | ||
| ELC | |b 1 | ||
| LOK | |0 000 xxxxxcx a22 zn 4500 | ||
| LOK | |0 001 330559845X | ||
| LOK | |0 003 DE-627 | ||
| LOK | |0 004 1642023205 | ||
| LOK | |0 005 20181113102204 | ||
| LOK | |0 008 180912||||||||||||||||ger||||||| | ||
| LOK | |0 040 |a DE-21 |c DE-627 |d DE-21 | ||
| LOK | |0 852 |a DE-21 | ||
| LOK | |0 852 1 |c KB 20 A 9733 |9 00 | ||
| LOK | |0 935 |a krim | ||
| LOK | |0 938 |a 1811 |f 34 | ||
| LOK | |0 939 |a 12-09-18 |b l01 | ||
| LOK | |0 000 xxxxxcx a22 zn 4500 | ||
| LOK | |0 001 349069516X | ||
| LOK | |0 003 DE-627 | ||
| LOK | |0 004 1642023205 | ||
| LOK | |0 005 20190827131945 | ||
| LOK | |0 008 190703||||||||||||||||ger||||||| | ||
| LOK | |0 040 |a DE-Frei85 |c DE-627 |d DE-Frei85 | ||
| LOK | |0 852 |a DE-Frei85 | ||
| LOK | |0 852 1 |m p |9 00 | ||
| LOK | |0 938 |k p | ||
| LOK | |0 939 |a 03-07-19 |b l01 | ||
| ORI | |a SA-MARC-krimdoka001.raw | ||
| SIG | |a UB: KB 20 A 9733 | ||
